| 000 | 005570000a22001810004500 | ||
|---|---|---|---|
| 003 | MACL | ||
| 005 | 20160210165344.0 | ||
| 008 | 160210b xxu||||| |||| 00| 0 eng d | ||
| 040 |
_aMACL _cMACL |
||
| 041 | _aHindi | ||
| 082 | _a100 | ||
| 100 |
_aशास्त्री डा. सत्यव्रत _937760 |
||
| 245 | _aवेद मीमांसा | ||
| 260 |
_bईस्टर्न बुक लिंंकर्स _c1980 _aनई दिल्ली |
||
| 350 | _a40 | ||
| 650 |
_aPhilosophy _937761 |
||
| 942 |
_cHIN _k100 _2ddc |
||
| 999 |
_c28150 _d28150 |
||